00532nam a22001937a 450000500170000001000130001702000110003003500130004103700160005404000120007008200130008210000110009524501010010626000400020727000250024730000280027265000150030065000230031520170124110207.0 aB-018917 c250.00 aB-018917 bCen Lib/Ret aDPLbEN a000bPOO aPoonam aPoonam's IIIT entrance exam guide /cby Poonambauthentic study materal for entrance examinatin aHyderabadbCentury Publishersc1999 aHyderabadbHyderabad aVarious Pagesc21cm(Hb) aMathmatics aIIT study Material